00394pab a2200121 454500008004000000100002400040245011200064260000900176300001700185650001600202650002800218773002600246180718b2013 xxu||||| |||| 00| 0 eng d aPourmokhtari, Navid aA postcolonial critique of state sovereignty in IR: the contradictory legacy of a 'West-centric' discipline c2013 ap.1767-1793. aSovereignty aInternational relations aThird World Quarterly